Central Library OPAC University of Rajshahi

Nietzsche / (Record no. 31666)

MARC details
000 -LEADER
fixed length control field 00601nam a22002172a 4500
001 - CONTROL NUMBER
control field 31666
003 - CONTROL NUMBER IDENTIFIER
rucl marc code BD-RjUL
005 - DATE AND TIME OF LATEST TRANSACTION
control field 20211209051731.0
008 - FIXED-LENGTH DATA ELEMENTS--GENERAL INFORMATION
fixed length control field 140421s1961 gw 000 0 ger d
035 ## - SYSTEM CONTROL NUMBER
System control number (BD-RjUL)31754
040 ## - CATALOGING SOURCE
Original cataloging agency DLC
Transcribing agency AKR
Modifying agency BD-RjUL
Language of cataloging eng
041 ## - LANGUAGE CODE
Language code of text/sound track or separate title eng
082 ## - DEWEY DECIMAL CLASSIFICATION NUMBER
Classification number 193
Author mark and year HEN V-1 1961
100 1# - MAIN ENTRY--PERSONAL NAME
Personal name Heidegger, Martin,
Dates associated with a name 1889-1976.
9 (RLIN) 2758
245 10 - TITLE STATEMENT
Title Nietzsche /
Statement of responsibility, etc. Martin Heidegger.
Number of part/section of a work Vol. I
260 ## - PUBLICATION, DISTRIBUTION, ETC. (IMPRINT)
Place of publication, distribution, etc. Pfullingen :
Name of publisher, distributor, etc. Neske,
Date of publication, distribution, etc. c1961.
300 ## - PHYSICAL DESCRIPTION
Pagination 661 p. ;
Size 21 cm.
600 10 - SUBJECT ADDED ENTRY--PERSONAL NAME
Personal name Nietzsche, Friedrich Wilhelm,
Dates associated with a name 1844-1900.
942 ## - ADDED ENTRY ELEMENTS (KOHA)
Source of classification or shelving scheme Dewey Decimal Classification
Koha item type Books
Holdings
Lost status Source of classification or shelving scheme Damaged status Not for loan Collection code Permanent Location Current Location Shelving location Date acquired Source of acquisition Total Checkouts Full call number Date last seen Copy number Koha item type
  Dewey Decimal Classification   Not For Loan Non-fiction Central Library, University of Rajshahi Central Library, University of Rajshahi Reading Room 12/03/1963 Zeitlinger   193 HEN V-1 1961 21/04/2014 C-1 Books